| 000 | 00681nam a2200217 i 4500 | ||
|---|---|---|---|
| 001 | 27917 | ||
| 003 | ES-MaACL | ||
| 005 | 20230906153729.0 | ||
| 007 | t| | ||
| 008 | 030115s1978 sp ||||1| spa d | ||
| 100 | 1 |
_aAznar Grasa, Antonio. _924310 |
|
| 245 | 1 | 0 |
_aPlanificación y modelos econométricos / _cAntonio Aznar Grasa ; prólogo Angel Alcalde Inchausti. |
| 260 |
_aMadrid : _bPirámide, _c[1978] |
||
| 300 |
_a319 p. ; _c23 cm. |
||
| 490 | 1 | _aQuantum | |
| 650 | 4 |
_aPolítica económica- _xModelos matemáticos. _9169676 |
|
| 700 | 1 |
_aAlcaide Inchausti, Angel. _919443 |
|
| 830 | 0 |
_aQuantum _9181155 |
|
| 852 |
_aES-MaACL _jA-9035 _bR.97700 |
||
| 999 |
_c27917 _d27917 |
||